Disney Movies By Quotes #2 - Statistics

General Stats
  • This quiz has been taken 60 times
  • The average score is 4 of 15
Answer Stats
Hint Answer % Correct
All it takes is faith and trust Peter Pan
57%
You will always be in my heart Tarzan
57%
Always let your conscience be your guide Pinocchio
50%
Life's a little bit messy. We all make mistakes. No matter what type of animal you are, change starts with you Zootopia
48%
Ladies do not start fights, but they can finish them The Aristocats
46%
If you can't say something nice, don't say nothing at all Bambi
39%
Practically perfect in every way Mary Poppins
35%
Can anybody be happy if they aren’t free Beauty and the Beast
26%
Your identity is your most valuable possession. Protect it The Incredibles
22%
Just because it's what's done, doesn't mean it's what should be done Cinderella
17%
The stars are there to guide us, to inspire us, to remind us to believe in possibility Wish
17%
Do you believe in miracles? YES! Miracle
7%
Because it’s not worth winning if you can’t win big The Mighty Ducks
7%
It's up to you how far you go. If you don't try, you'll never know The Sword in the Stone
4%
The only thing predictable about life is its unpredictability Ratatouille
2%
No matching quizzes found
Score Distribution
Percent of People with Each Score
Percentile by Number Answered
Your Score History
You have not taken this quiz